UBT Library

Thomas Hobbes' Leviathan; (Record no. 318)

000 -LEADER
fixed length control field 00594cam a22001931 4500
005 - DATE AND TIME OF LATEST TRANSACTION
control field 20131114102156.0
008 - FIXED-LENGTH DATA ELEMENTS--GENERAL INFORMATION
fixed length control field 740801s1966 nyu b 000 0 eng
041 0# - LANGUAGE CODE
Language code of text/sound track or separate title eng
080 ## - UNIVERSAL DECIMAL CLASSIFICATION NUMBER
Universal Decimal Classification number 340.1:32
100 1# - Rafti
Rafti Smith, William Raymond.
245 00 - TITLE STATEMENT
Title Thomas Hobbes' Leviathan;
Statement of responsibility, etc Text by W. R. Smith.
260 ## -
-- New York,
-- American R.D.M. Corp.
-- [c1966]
300 ## -
-- 70 p.
-- 21 cm.
490 0# -
-- A Study master publication,
-- 364
504 ## - BIBLIOGRAPHY, ETC. NOTE
Bibliography, etc Bibliography: p. 69-70.
600 10 -
-- Hobbes, Thomas,
-- 1588-1679.
-- Leviathan.
650 #0 -
-- E drejta
942 ## - ADDED ENTRY ELEMENTS (KOHA)
Source of classification or shelving scheme
Item type Books
Holdings
Withdrawn status Lost status Source of classification or shelving scheme Damaged status Not for loan Collection code Permanent location Current location Shelving location Date acquired Total Checkouts Full call number Barcode Date last seen Price effective from Koha item type
          Koleksioni i përgjithshem UBT - Prishtine UBT - Prishtine Koleksioni i përgjithshem 11/14/2013   340.1:32 HOB 001-000414 11/14/2013 11/14/2013 Books
UBT Library © 2015-2024. All rights reserved University Education for Business and Technology